000 01424nam a2200361 a 4500
001 ebr10683193
003 CaPaEBR
006 m u
007 cr cn|||||||||
008 110906s2012 nyuad sb 001 0 eng d
010 _z 2011034222
020 _z9781621004035 (hardcover)
020 _z9781621004783 (e-book)
040 _aCaPaEBR
_cCaPaEBR
035 _a(OCoLC)831625499
050 1 4 _aTS191.8
_b.R625 2012eb
082 0 4 _a629.8/92
_223
245 0 0 _aRobotics
_h[electronic resource] :
_bstate of the art and future trends /
_cGiovanni Legnani and Irene Fassi, editors.
260 _aNew York :
_bNova Science Publishers,
_cc2012.
300 _aviii, 362 p. :
_bill. (some col.).
490 1 _aComputer science, technology and applications
504 _aIncludes bibliographical references and index.
533 _aElectronic reproduction.
_bPalo Alto, Calif. :
_cebrary,
_d2013.
_nAvailable via World Wide Web.
_nAccess may be limited to ebrary affiliated libraries.
650 0 _aRobots, Industrial.
650 0 _aRobotics.
650 0 _aManipulators (Mechanism)
655 7 _aElectronic books.
_2local
700 1 _aLegnani, Giovanni.
700 1 _aFassi, Irene.
710 2 _aebrary, Inc.
830 0 _aComputer science, technology and applications.
856 4 0 _uhttp://site.ebrary.com/lib/rucke/Doc?id=10683193
_zAn electronic book accessible through the World Wide Web; click to view
999 _c13937
_d13937